Science and technology in the development of the Arab states (Record no. 548284)

MARC details
000 -LEADER
fixed length control field 00862nam a2200253Ia 4500
003 - CONTROL NUMBER IDENTIFIER
control field OSt
005 - DATE AND TIME OF LATEST TRANSACTION
control field 20220925204005.0
008 - FIXED-LENGTH DATA ELEMENTS--GENERAL INFORMATION
fixed length control field 220923b |||||||| |||| 00| 0 eng d
037 ## - SOURCE OF ACQUISITION
Terms of availability General Book
040 ## - CATALOGING SOURCE
Original cataloging agency RTL
Transcribing agency RTL
Language of cataloging eng
041 ## - LANGUAGE CODE
Source of code eng
Language code of text/sound track or separate title eng
110 ## - MAIN ENTRY--CORPORATE NAME
Corporate name or jurisdiction name as entry element United Nations Educational Science and Cultural Organization
9 (RLIN) 267506
245 #0 - TITLE STATEMENT
Title Science and technology in the development of the Arab states
260 ## - PUBLICATION, DISTRIBUTION, ETC.
Place of publication, distribution, etc. Framce
Name of publisher, distributor, etc. UNESCO
Date of publication, distribution, etc. 1977
300 ## - PHYSICAL DESCRIPTION
Extent 327p
Dimensions cm.
490 ## - SERIES STATEMENT
Series statement Its, Science Policy Studies and Cocuments.41
650 ## - SUBJECT ADDED ENTRY--TOPICAL TERM
Topical term or geographic name entry element United States Economic Conditions
9 (RLIN) 230667
700 ## - ADDED ENTRY--PERSONAL NAME
Personal name United Nations Educational Science and Cultural Organization
9 (RLIN) 267507
942 ## - ADDED ENTRY ELEMENTS (KOHA)
Classification part X.770gF.46.N7, L7/UN
Koha item type General Books
Source of classification or shelving scheme Colon Classification (CC)
Holdings
Withdrawn status Lost status Damaged status Not for loan Home library Current library Date acquired Total Checkouts Full call number Barcode Date last seen Price effective from Koha item type
        Ratan Tata Library Ratan Tata Library 2022-09-25   X.770gF.46.N7 L7/UN RT0626425 2022-09-25 2022-09-25 General Books
Copyright @ Delhi University Library System